00325nam a2200121Ia 4500008004100000082001800041100001800059245007300077250000800150260002300158300001000181650001200191150201s2011 xx 000 0 und d a617.6bA2011L aLINKOW,LERARD aANATOMY & MORPHOLOGY OF THE MANDIBLE WITH VARIOUS IMPLANT MODALITIES a1ST bAITBSaDELHIc2011 a1-354 aANATOMY